<?xml version="1.0" encoding="UTF-8"?>
<marc:record xmlns:marc="http://www.loc.gov/MARC21/slim">
   <marc:leader>00000nam a2200000 a 4500</marc:leader>
   <marc:datafield ind1="1" ind2=" " tag="100">
      <marc:subfield code="a">Reynolds, Ryan</marc:subfield>
   </marc:datafield>
   <marc:datafield ind1="1" ind2=" " tag="100">
      <marc:subfield code="a">Ferguson, Rebecca</marc:subfield>
   </marc:datafield>
   <marc:datafield ind1="1" ind2=" " tag="100">
      <marc:subfield code="a">Gyllenhaal, Jake</marc:subfield>
   </marc:datafield>
   <marc:datafield ind1="1" ind2=" " tag="100">
      <marc:subfield code="a">Espinosa, Daniel</marc:subfield>
   </marc:datafield>
   <marc:datafield ind1="0" ind2="0" tag="245">
      <marc:subfield code="a">Life [Bildtonträger]</marc:subfield>
   </marc:datafield>
   <marc:datafield ind1="0" ind2="0" tag="245">
      <marc:subfield code="c">Regie: Daniel Espinosa. Mit Jake Gyllenhaal, Rebecca Ferguson, Ryan Reynolds...</marc:subfield>
   </marc:datafield>
   <marc:datafield ind1=" " ind2="1" tag="264">
      <marc:subfield code="b">Sony Pictures</marc:subfield>
      <marc:subfield code="c">2021</marc:subfield>
   </marc:datafield>
   <marc:datafield ind1="1" ind2=" " tag="520">
      <marc:subfield code="a">Die Forschungsmission einer Gruppe Wissenschaftler auf einer internationalen Raumstation wird zu einem Trip in schlimmste Urängste: Eines Tages entdeckt das sechsköpfige Team einen sich rapide entwickelnden Organismus, der für die Auslöschung allen Lebens auf dem Mars verantwortlich ist und bald nicht nur die Crew, sondern auch den gesamten Planeten Erde bedroht.</marc:subfield>
   </marc:datafield>
   <marc:datafield ind1=" " ind2=" " tag="020">
      <marc:subfield code="a">4030521747630</marc:subfield>
      <marc:subfield code="9">4030521747630</marc:subfield>
   </marc:datafield>
   <marc:datafield ind1=" " ind2=" " tag="500">
      <marc:subfield code="a">Orig.: USA 2017. Sprache: 	Deutsch (Dolby Digital 5.1), Englisch (Dolby Digital 5.1), Französisch (Dolby Digital 5.1), Italienisch (Dolby Digital 5.1), Spanisch (Dolby Digital 5.1), Russisch (Dolby Digital 5.1). Untertitel: Deutsch, Englisch, Französisch,</marc:subfield>
   </marc:datafield>
   <marc:datafield ind1="0" ind2=" " tag="490">
      <marc:subfield code="v">0</marc:subfield>
   </marc:datafield>
   <marc:datafield ind1=" " ind2=" " tag="300">
      <marc:subfield code="a">1 DVD (100 Min.) : farbig</marc:subfield>
   </marc:datafield>
</marc:record>
